Vybrané informatívne poznámky o podnikaní mimo živnostenský zákon a o niektorých činnostiach, ktoré nie sú podnikaním
Špecifikovanie činností a povolaní, ktoré živnostenský zákon nepovažuje za živnosť. Podnikanie mimo živnostenský zákon. Prehľad zákonov upravujúcich podnikanie mimo živnostenský zákon s komentárom k jednotlivým ustanoveniam.
Gespeichert in:
| 1. Verfasser: | |
|---|---|
| Format: | Buchkapitel |
| Sprache: | Slowakisch |
| Schlagworte: | |
| Tags: |
Keine Tags, Fügen Sie das erste Tag hinzu!
|
MARC
| LEADER | 00000naa a2200000 4500 | ||
|---|---|---|---|
| 001 | r032477 | ||
| 005 | 20230919081259.3 | ||
| 041 | 0 | |a slo | |
| 044 | |a SK | ||
| 245 | 1 | 0 | |a Vybrané informatívne poznámky o podnikaní mimo živnostenský zákon a o niektorých činnostiach, ktoré nie sú podnikaním |c Pavol Kováč |
| 520 | |a Špecifikovanie činností a povolaní, ktoré živnostenský zákon nepovažuje za živnosť. Podnikanie mimo živnostenský zákon. Prehľad zákonov upravujúcich podnikanie mimo živnostenský zákon s komentárom k jednotlivým ustanoveniam. | ||
| 610 | 2 | 0 | |a živnosti |
| 610 | 2 | 0 | |a podnikanie |
| 610 | 2 | 0 | |a úpravy právne |
| 610 | 2 | 0 | |a zákony |
| 610 | 2 | 0 | |a Slovensko |
| 100 | 1 | |a Kováč, Pavol | |